<?xml version="1.0" encoding="UTF-8"?>
<record
    xmlns:xsi="http://www.w3.org/2001/XMLSchema-instance"
    xsi:schemaLocation="http://www.loc.gov/MARC21/slim http://www.loc.gov/standards/marcxml/schema/MARC21slim.xsd"
    xmlns="http://www.loc.gov/MARC21/slim">

  <leader>01873nam a2200265   4500</leader>
  <controlfield tag="001">108493</controlfield>
  <controlfield tag="003">DR-UNIBE</controlfield>
  <controlfield tag="005">20260211062557.0</controlfield>
  <controlfield tag="008">250613b2021    en ||||| |||| 00| 0 eng d</controlfield>
  <datafield tag="020" ind1=" " ind2=" ">
    <subfield code="a">9781108838573</subfield>
  </datafield>
  <datafield tag="040" ind1=" " ind2=" ">
    <subfield code="a">BIBLIOTECA UNIBE</subfield>
    <subfield code="c">BIBLIOTECA UNIBE</subfield>
    <subfield code="b">spa</subfield>
    <subfield code="e">rda</subfield>
  </datafield>
  <datafield tag="041" ind1=" " ind2=" ">
    <subfield code="a">eng</subfield>
  </datafield>
  <datafield tag="082" ind1=" " ind2=" ">
    <subfield code="a">615  S781e 2021</subfield>
  </datafield>
  <datafield tag="100" ind1=" " ind2=" ">
    <subfield code="a">Stahl, Stephen Michael,</subfield>
    <subfield code="d">1951-</subfield>
    <subfield code="e">autor</subfield>
    <subfield code="9">144978</subfield>
  </datafield>
  <datafield tag="245" ind1=" " ind2=" ">
    <subfield code="a">Stahl's essential psychopharmacology :</subfield>
    <subfield code="b"> neuroscientific basis and practical applications /</subfield>
    <subfield code="c">Stephen Michel Stahl</subfield>
  </datafield>
  <datafield tag="250" ind1=" " ind2=" ">
    <subfield code="a">Quinta edici&#xF3;n</subfield>
  </datafield>
  <datafield tag="260" ind1=" " ind2=" ">
    <subfield code="a">Cambridge :</subfield>
    <subfield code="b">Cambridge University Press,</subfield>
    <subfield code="c">2021</subfield>
  </datafield>
  <datafield tag="300" ind1=" " ind2=" ">
    <subfield code="a">xiv, 623 p&#xE1;ginas :</subfield>
    <subfield code="b">ilustraciones</subfield>
  </datafield>
  <datafield tag="490" ind1=" " ind2=" ">
    <subfield code="a">Cambridge medicine</subfield>
  </datafield>
  <datafield tag="505" ind1=" " ind2=" ">
    <subfield code="a">1. Chemical neurotransmission|
  2. Transporters, receptors and enzymes as targets of psychopharmacological drug action|
  3. Ion channels as targets of psychopharmacological drug action|
  4. Psychosis, schizophrenia and the neurotransmitter networks dopamine, serotonin and glutamate|
  5. Targeting dopamine and serotonin receptors for psychosis, mood and beyond: so-called 'antipsychotics'|
  6. Mood disorders and the neurotransmitter networks norepinephrine and gamma amino butyric acid (gaba)|
  7. Treatments for mood disorders: so-called 'antidepressants' and 'mood stabilizers'|
  8. Anxiety, trauma and treatment|
  9. Chronic pain and its treatment|
  10. Disorders of sleep and wakefulness and their treatment: neurotransmitter networks for histamine and orexin|
  11. Attention deficit hyperactivity disorder and its treatment|
  12. Dementia: causes, symptomatic treatments and the neurotransmitter network acetylcholine|
  13. Impulsivity, compulsivity and addiction |
</subfield>
  </datafield>
  <datafield tag="650" ind1=" " ind2="7">
    <subfield code="a">Psicofarmacolog&#xED;a </subfield>
    <subfield code="2">lemb</subfield>
  </datafield>
  <datafield tag="700" ind1=" " ind2=" ">
    <subfield code="9">144979</subfield>
    <subfield code="a">Grady, Meghan M.</subfield>
    <subfield code="e">editor asistente</subfield>
  </datafield>
  <datafield tag="700" ind1=" " ind2=" ">
    <subfield code="a">Muntner, Nancy</subfield>
    <subfield code="e">ilustrador</subfield>
    <subfield code="9">144980</subfield>
  </datafield>
  <datafield tag="942" ind1=" " ind2=" ">
    <subfield code="2">ddc</subfield>
    <subfield code="c">BK</subfield>
  </datafield>
  <datafield tag="999" ind1=" " ind2=" ">
    <subfield code="c">113751</subfield>
    <subfield code="d">113751</subfield>
  </datafield>
  <datafield tag="952" ind1=" " ind2=" ">
    <subfield code="0">0</subfield>
    <subfield code="1">0</subfield>
    <subfield code="2">ddc</subfield>
    <subfield code="7">0</subfield>
    <subfield code="8">RES</subfield>
    <subfield code="a">Principal</subfield>
    <subfield code="c">NEW</subfield>
    <subfield code="d">2025-06-13</subfield>
    <subfield code="l">2</subfield>
    <subfield code="m">2</subfield>
    <subfield code="o">615  S781e 2021</subfield>
    <subfield code="p">250710</subfield>
    <subfield code="r">2025-09-29 19:00:47</subfield>
    <subfield code="s">2025-09-29</subfield>
    <subfield code="t">Ej. 1</subfield>
    <subfield code="w">2025-06-13</subfield>
    <subfield code="y">BK-RES</subfield>
  </datafield>
</record>
